Central Library OPAC University of Rajshahi

আন্তর্জাতিক আইন পরিভাষা = [terminology of international Law] / (Record no. 46573)

MARC details
000 -LEADER
fixed length control field 00761nam a2200217 a 4500
001 - CONTROL NUMBER
control field 46573
003 - CONTROL NUMBER IDENTIFIER
rucl marc code BD-RjUL
005 - DATE AND TIME OF LATEST TRANSACTION
control field 20211209054155.0
008 - FIXED-LENGTH DATA ELEMENTS--GENERAL INFORMATION
fixed length control field 160803s1970 ben 000 0 eng d
020 ## - INTERNATIONAL STANDARD BOOK NUMBER
Terms of availability : T.k 1.50
035 ## - SYSTEM CONTROL NUMBER
System control number (BD-RjUL)46692
040 ## - CATALOGING SOURCE
Original cataloging agency BD-RjUL
Transcribing agency EQO
Language of cataloging ben
041 ## - LANGUAGE CODE
Language code of text/sound track or separate title ben
082 ## - DEWEY DECIMAL CLASSIFICATION NUMBER
Edition number 23
Classification number 341
Author mark and year ANT 1970
245 10 - TITLE STATEMENT
Title আন্তর্জাতিক আইন পরিভাষা = [terminology of international Law] /
260 ## - PUBLICATION, DISTRIBUTION, ETC. (IMPRINT)
Place of publication, distribution, etc. ঢাকা :
Name of publisher, distributor, etc. কেদ্রীয় বাংলা - উন্নয়ন বোর্ড,
Date of publication, distribution, etc. ১৯৭০.
300 ## - PHYSICAL DESCRIPTION
Pagination [৫০] পৃ :
Size ২২ সেমি.
650 ## - SUBJECT ADDED ENTRY--TOPICAL TERM
Topical term or geographic name as entry element আন্তর্জাতিক আইন
9 (RLIN) 144082
Topical term or geographic name as entry element International Law
9 (RLIN) 144083
942 ## - ADDED ENTRY ELEMENTS (KOHA)
Source of classification or shelving scheme Dewey Decimal Classification
Koha item type Books
Holdings
Lost status Source of classification or shelving scheme Damaged status Not for loan Collection code Permanent Location Current Location Shelving location Date acquired Source of acquisition Cost, normal purchase price Total Checkouts Full call number Date last seen Date checked out Copy number Koha item type
  Dewey Decimal Classification     Non-fiction Central Library, University of Rajshahi Central Library, University of Rajshahi   20/05/1972 Kandryo bangla unnoyan board 1.50 3 B 341 ANT 1970 13/05/2025 07/05/2025 C-2 Books